“狗肉”地点数量≥200的地级行政区 Prefectures with ≥200 dog meat sites - Statistics

General Stats
  • This quiz has been taken 71 times
  • The average score is 4 of 15
Answer Stats
地级行政区 数量 % Correct
玉林 269
83%
南宁 260
70%
桂林 236
50%
柳州 209
50%
徐州 405
45%
长春 399
34%
茂名 306
30%
哈尔滨 230
27%
亳州 212
9%
菏泽 220
8%
松原 281
6%
安顺 407
5%
黔西南 388
5%
黔南 328
5%
黔东南 223
5%
No matching quizzes found
Score Distribution
Percent of People with Each Score
Percentile by Number Answered
Your Score History
You have not taken this quiz